Normal view
MARC view
Entry Topical Term
001 - CONTROL NUMBER
- control field: 11596
003 - CONTROL NUMBER IDENTIFIER
- control field: HDC
005 - DATE AND TIME OF LATEST TRANSACTION
- control field: 20230624073347.0
008 - FIXED-LENGTH DATA ELEMENTS
- fixed length control field: 210207|| aca||aabn | a|a d
040 ## - CATALOGING SOURCE
- Original cataloging agency: HDC
- Transcribing agency: HDC
150 ## - HEADING--TOPICAL TERM
- Topical term or geographic name entry element: Halal Food Control Section
670 ## - SOURCE DATA FOUND
- Source citation: Work cat.: (HDC): The Brunei Times 10414, ALL CHICKENS SOLD IN BRUNEI SUPERMARKETS HALAL: GOV’T, 2015
